[Event "30. Augsburger Friedensfest-Open"]
[Site "Augsburg"]
[Date "2025.08.07"]
[Round "2.30"]
[White "Jekel, Wolfgang"]
[Black "Fuertler, Oliver"]
[Result "1/2-1/2"]
[WhiteElo "1853"]
[BlackElo "1959"]
[EventDate "2025.08.07"]
[Time "15:30:00"]
[WhiteNrv "1853"]
[BlackNrv "1959"]
[WhiteTwz "1853"]
[BlackTwz "1959"]
[WhiteFideId "4690370"]
[BlackFideId "1682490"]
[WhiteNatFedId "10095176"]
[WhiteAttr "M"]
[BlackAttr "M"]
[WhiteTeam "SF Voehringen"]
[BlackTeam "?"]

1.d4 Nf6 2.Nf3 g6 3.Nc3 d5 4.Bf4 Bg7 5.e3 O-O 6.Be2 a6 7.Ne5 c5 8.h4 Nc6 
9.h5 cxd4 10.exd4 Qb6 11.Nxc6 Qxc6 12.hxg6 hxg6 13.Qd2 Ne4 14.Nxe4 dxe4 
15.Bh6 Qf6 16.O-O-O Rd8 17.Bxg7 Qxg7 18.Rh4 Bf5 19.Bg4 Qf6 20.g3 e6 21.
Bxf5 exf5 22.c3 Rac8 23.Rdh1 b5 24.Rh7 Kf8 25.Rh8+ Ke7 26.Rxd8 Kxd8 27.b3 
Qc6 28.Kc2 Kd7 29.Rd1 Qd5 30.Re1 Re8 31.Qe3 Rb8 32.Rd1 a5 33.Kb2 a4 34.Kc2
Ra8 35.Rb1 axb3+ 36.axb3 Ra2+ 37.Rb2 Ra1 38.Kd2 Ke6 39.Qg5 f6 40.Qxg6 e3+ 
41.Ke2 Qg2 42.Qe8+ Kd6 43.Qd8+ Ke6 44.d5+ Kf7 45.Qd7+ Kg6 46.Qe8+ Kg7 47.
Qe7+ Kg6 48.Qe8+ Kg7 49.Qe7+ 1/2-1/2

[Event "30. Augsburger Friedensfest-Open"]
[Site "Augsburg"]
[Date "2025.08.07"]
[Round "2.31"]
[White "Eichschmied, Patrick"]
[Black "Heilig, Tim Markus"]
[Result "1/2-1/2"]
[WhiteElo "1951"]
[BlackElo "1868"]
[EventDate "2025.08.07"]
[Time "15:30:00"]
[WhiteNrv "1951"]
[BlackNrv "1868"]
[WhiteTwz "1951"]
[BlackTwz "1868"]
[WhiteFideId "24683663"]
[BlackFideId "16295935"]
[WhiteNatFedId "10043123"]
[BlackNatFedId "10692999"]
[WhiteAttr "M"]
[BlackAttr "M"]
[WhiteTeam "MTV Ingolstadt"]
[BlackTeam "SF 1876 Goeppingen"]

1.e4 e5 2.Nf3 Nc6 3.Bc4 Nf6 4.d3 Bc5 5.c3 d6 6.O-O a6 7.a4 h6 8.Re1 O-O 9.
h3 Ba7 10.Nbd2 Be6 11.Bxe6 fxe6 12.b4 Ne7 13.Nf1 Ng6 14.g3 Qd7 15.Kg2 Rf7 
16.Ra2 Raf8 17.N1h2 Qc6 18.Qb3 d5 19.b5 Qd6 20.Ba3 Bc5 21.Bxc5 Qxc5 22.
exd5 Nxd5 1/2-1/2

[Event "30. Augsburger Friedensfest-Open"]
[Site "Augsburg"]
[Date "2025.08.07"]
[Round "2.32"]
[White "Schuelke, Tilman"]
[Black "Birth, Waldemar"]
[Result "0-1"]
[WhiteElo "1816"]
[BlackElo "1950"]
[EventDate "2025.08.07"]
[Time "15:30:00"]
[WhiteNrv "1816"]
[BlackNrv "1950"]
[WhiteTwz "1816"]
[BlackTwz "1950"]
[WhiteFideId "4647475"]
[BlackFideId "24640310"]
[WhiteNatFedId "10200219"]
[BlackNatFedId "10016927"]
[WhiteAttr "M"]
[BlackAttr "M"]
[WhiteTeam "SF Pfullingen"]
[BlackTeam "SK Rochade Augsburg"]

1.g3 d5 2.d3 e5 3.Nf3 Bd6 4.e4 d4 5.Nbd2 c5 6.h3 Nc6 7.Bg2 h6 8.Nh4 g6 9.
Nc4 Be7 10.Nf3 Qc7 11.a4 Be6 12.b3 O-O-O 13.Qe2 Bxc4 14.bxc4 Bd6 15.O-O 
Nge7 16.Nd2 f5 17.Ba3 Rdf8 18.Nb3 Nd8 19.Bc1 f4 20.Bd2 Rf6 21.Ba5 Qd7 22.
Bxd8 Kxd8 23.Bf3 Nc6 24.Kh2 Qf7 25.Rg1 fxg3+ 26.Rxg3 Rf8 27.Nd2 Kc7 28.
Rag1 Ne7 29.R1g2 Rf4 30.Kg1 Qf6 31.Qe1 h5 32.h4 Rxh4 33.Nb3 Kb8 34.Qa5 b6 
35.Qa6 Rf4 36.Nd2 h4 37.Rg4 Bc7 38.a5 h3 39.R2g3 Rxg4 40.Rxg4 g5 41.Kh2 
Ng6 42.Qb5 Nh4 43.Rg3 g4 44.Rxg4 Nxf3+ 45.Nxf3 Qxf3 46.Rh4 Qg2# 0-1

[Event "30. Augsburger Friedensfest-Open"]
[Site "Augsburg"]
[Date "2025.08.07"]
[Round "2.33"]
[White "Doebel, Maximilian"]
[Black "Schultes, Christoph Dr."]
[Result "0-1"]
[WhiteElo "1799"]
[BlackElo "1945"]
[EventDate "2025.08.07"]
[Time "15:30:00"]
[WhiteNrv "1799"]
[BlackNrv "1945"]
[WhiteTwz "1799"]
[BlackTwz "1945"]
[WhiteFideId "34650768"]
[BlackFideId "12905674"]
[WhiteNatFedId "10437353"]
[BlackNatFedId "10201277"]
[WhiteAttr "M"]
[BlackAttr "*"]
[WhiteTeam "SF Augsburg"]
[BlackTeam "SK Landau-Dingolfing"]

1.e4 c5 2.Nc3 g6 3.g3 Bg7 4.Bg2 Nc6 5.d3 d6 6.Be3 e6 7.Qd2 Nd4 8.Nf3 Ne7 
9.O-O Nec6 10.Nd1 Nxf3+ 11.Bxf3 O-O 12.c3 e5 13.Bg2 Be6 14.f4 Qd7 15.Kh1 
Rac8 16.Bg1 b6 17.Ne3 Ne7 18.Qe2 exf4 19.gxf4 d5 20.c4 d4 21.Nd5 Rce8 22.
Nxe7+ Rxe7 23.Bf2 b5 24.b3 bxc4 25.bxc4 Rb8 26.Bg3 f5 27.e5 Qa4 28.Rab1 
Ree8 29.Rb2 Rb4 30.Rfb1 Reb8 31.Bf3 Qa3 32.Rxb4 Rxb4 33.Rxb4 Qxb4 34.Be1 
Qb1 35.h4 Bh6 36.Qd2 Bxf4 37.Qa5 Qb6 38.Qa4 Kf7 39.Bd5 Qc7 40.Ba5 Qe7 41.
Bxe6+ Qxe6 42.Bd8 a6 43.Qb3 Qc6+ 44.Kg1 Bxe5 45.Qd1 Qd7 46.Bb6 Qe7 47.Qe2 
Bd6 48.Qf3 Qe3+ 49.Qxe3 dxe3 50.Kg2 Ke6 51.Kf3 f4 52.d4 cxd4 53.Bxd4 h6 
54.Bc3 Kf5 55.Bg7 g5 56.Bxh6 gxh4 57.c5 Bc7 58.a4 h3 59.c6 h2 0-1

[Event "30. Augsburger Friedensfest-Open"]
[Site "Augsburg"]
[Date "2025.08.07"]
[Round "2.34"]
[White "Fresser, Stefan"]
[Black "Schrimpf, Michael"]
[Result "1-0"]
[WhiteElo "1944"]
[BlackElo "1863"]
[EventDate "2025.08.07"]
[Time "15:30:00"]
[WhiteNrv "1944"]
[BlackNrv "1863"]
[WhiteTwz "1944"]
[BlackTwz "1863"]
[WhiteFideId "12987123"]
[BlackFideId "1676237"]
[WhiteNatFedId "10053941"]
[BlackNatFedId "10841479"]
[WhiteAttr "M"]
[BlackAttr "M"]
[WhiteTeam "SF Neuberg"]
[BlackTeam "SF Augsburg"]

1.c4 e5 2.Nc3 Nf6 3.e4 c6 4.g3 Be7 5.Bg2 d6 6.h3 a5 7.Nge2 Na6 8.O-O O-O 
9.d3 Nc5 10.Bg5 h6 11.Bxf6 Bxf6 12.f4 Ne6 13.Kh2 Qb6 14.Rb1 Nd4 15.Nxd4 
Qxd4 16.Ne2 Qb6 17.f5 Qc7 18.Rc1 b6 19.Ng1 Bb7 20.Nf3 Qe7 21.h4 d5 22.Kh3 
dxe4 23.dxe4 Rad8 24.Qe2 Rd7 25.Rfd1 Rfd8 26.Rxd7 Qxd7 27.Rc2 Qd3 28.Qxd3 
Rxd3 29.Rd2 Rxd2 30.Nxd2 Be7 31.Kg4 Kf8 32.Kf3 Ke8 33.Ke2 Kd7 34.Kd3 Bc5 
35.h5 Ba6 36.g4 Ke7 37.Bf1 Kf6 38.Nf3 Bc8 39.b3 Ba6 40.Be2 Bb4 41.Kc2 Bc5 
42.a4 Bf2 43.Bd3 Bc8 44.Be2 g6 45.Kd3 gxf5 46.gxf5 Bc5 47.Bf1 Bd6 48.Bh3 
Bc7 49.Kc3 Ke7 50.f6+ Kd8 51.Bxc8 Kxc8 52.Nh4 Kd7 53.Nf5 Ke6 54.Nxh6 Kxf6 
55.Nf5 c5 56.Kd3 Kg5 57.h6 Kg6 58.Ke3 Bd8 59.Kf3 Bg5 60.Kg4 Bd8 61.Nd6 Bc7
62.h7 Kxh7 63.Ne8 Bb8 64.Kf5 Kh6 65.Kf6 Kh5 66.Kxf7 Kg4 67.Ke6 Kf4 68.Kd5 
Ke3 69.Nf6 Kd3 70.Nd7 Bc7 71.Kc6 Bd8 72.Nxe5+ Kxe4 73.Nf7 Bf6 74.Kxb6 Bc3 
75.Kxc5 Bb4+ 76.Kb5 Kd4 77.Nd8 Kc3 78.Nc6 Kxb3 79.Nxa5+ Kc3 80.Nc6 Bd6 81.
a5 1-0

[Event "30. Augsburger Friedensfest-Open"]
[Site "Augsburg"]
[Date "2025.08.07"]
[Round "2.35"]
[White "Seifert, Werner"]
[Black "Winkelmeier, Alfred"]
[Result "0-1"]
[WhiteElo "1924"]
[BlackElo "1815"]
[EventDate "2025.08.07"]
[Time "15:30:00"]
[WhiteNrv "1924"]
[BlackNrv "1815"]
[WhiteTwz "1924"]
[BlackTwz "1815"]
[WhiteFideId "4698045"]
[BlackFideId "4680308"]
[WhiteNatFedId "10205886"]
[BlackNatFedId "10243648"]
[WhiteAttr "*"]
[BlackAttr "M"]
[WhiteTeam "SC Groebenzell"]
[BlackTeam "SV Ilmmuenster"]

1.e4 c5 2.c3 Nf6 3.e5 Nd5 4.d4 cxd4 5.Nf3 d6 6.cxd4 dxe5 7.dxe5 e6 8.Bc4 
Nc6 9.O-O Nb6 10.Bb5 Bd7 11.Nc3 Be7 12.Qe2 O-O 13.Bf4 Nb4 14.Rfd1 N4d5 15.
Nxd5 Nxd5 16.Bg3 a6 17.Bd3 Bc6 18.Rac1 Rc8 19.h4 Qa5 20.Bb1 g6 21.Nd4 Ba4 
22.Rf1 Bc5 23.Qe4 Qd2 24.Nf3 Qa5 25.h5 Bc6 26.Qg4 Ne7 27.Nh4 Bd5 28.Qg5 
Qd8 29.Qh6 Nf5 30.Bxf5 exf5 31.Nf3 Bxf3 32.gxf3 g5 33.f4 g4 34.Rfd1 Qe7 
35.Kg2 Kh8 36.Qg5 Qe6 37.Bh4 Rc6 38.Qf6+ Kg8 39.Qxe6 fxe6 40.Bf6 Rfc8 41.
Rd7 R6c7 42.Rcd1 Bf8 43.Kg3 b6 44.R1d3 Rc2 45.Rb3 Bc5 46.Kh4 Bxf2+ 47.Kg5 
g3 48.Rbd3 R2c7 49.Rd8+ Rxd8 50.Rxd8+ Kf7 51.Rh8 g2 52.Rxh7+ Ke8 53.Rxc7 
g1=Q+ 54.Kh6 Bg3 55.Bg5 Qf2 56.Re7+ Kf8 57.Kg6 Bxf4 58.Rf7+ Ke8 59.Re7+ 
Kd8 60.Rxe6+ Bxg5 61.Kxg5 f4 62.h6 Qg3+ 63.Kf5 f3 64.Rf6 f2 65.Ke6 Qh3+ 
0-1

[Event "30. Augsburger Friedensfest-Open"]
[Site "Augsburg"]
[Date "2025.08.07"]
[Round "2.36"]
[White "Iberl, Michael"]
[Black "Mittermaier, Johann"]
[Result "1/2-1/2"]
[WhiteElo "1922"]
[BlackElo "1828"]
[EventDate "2025.08.07"]
[Time "15:30:00"]
[WhiteNrv "1922"]
[BlackNrv "1828"]
[WhiteTwz "1922"]
[BlackTwz "1828"]
[WhiteFideId "4644085"]
[BlackFideId "16208382"]
[WhiteNatFedId "10091886"]
[BlackNatFedId "10144722"]
[WhiteAttr "M"]
[BlackAttr "M"]
[WhiteTeam "SF Dachau 1932 e.V."]
[BlackTeam "SV Deggendorf"]

1.d4 d5 2.Bf4 Nf6 3.e3 c6 4.Nf3 Bg4 5.Be2 e6 6.Nbd2 Nbd7 7.h3 Bh5 8.O-O 
Be7 9.Re1 O-O 10.Bd3 c5 11.c3 cxd4 12.exd4 Qa5 13.Qb3 Qb6 14.Ne5 Qxb3 15.
axb3 Nxe5 16.Bxe5 Nd7 17.Bg3 Bf6 18.Ra2 a6 19.b4 Bg6 20.Bxg6 hxg6 21.Nb3 
Rfc8 22.Rea1 Rc6 23.Nc5 Nxc5 24.bxc5 Kf8 25.b4 Rd8 26.Rd1 Ke8 27.b5 axb5 
28.Ra7 Rd7 29.Ra8+ Rd8 30.Ra7 Rd7 31.Ra8+ Rd8 1/2-1/2

[Event "30. Augsburger Friedensfest-Open"]
[Site "Augsburg"]
[Date "2025.08.07"]
[Round "2.37"]
[White "Gruber, Johannes"]
[Black "Vonach, Bernhard Dr."]
[Result "1-0"]
[WhiteElo "1916"]
[BlackElo "1843"]
[EventDate "2025.08.07"]
[Time "15:30:00"]
[WhiteNrv "1916"]
[BlackNrv "1843"]
[WhiteTwz "1916"]
[BlackTwz "1843"]
[WhiteFideId "12915521"]
[BlackFideId "4680243"]
[BlackNatFedId "10231837"]
[WhiteAttr "M"]
[BlackAttr "*"]
[WhiteTeam "?"]
[BlackTeam "Sportfr.Windach e.V.1923"]

1.c4 c6 2.g3 b5 3.cxb5 cxb5 4.Bg2 Nc6 5.Nf3 e6 6.O-O Nf6 7.b3 Be7 8.Bb2 
Rb8 9.d3 h5 10.Nbd2 Bb7 11.Rc1 Kf8 12.e4 Nb4 13.e5 Nfd5 14.Ne4 f5 15.exf6 
Nxf6 16.Nh4 Rh6 17.Bxf6 Bxf6 18.Nxf6 Bxg2 19.Nxd7+ Qxd7 20.Nxg2 Qxd3 21.
Nf4 Qxd1 22.Rfxd1 e5 23.Nd3 Nc6 24.Nc5 Rd8 25.Rxd8+ Nxd8 26.Nd7+ Ke7 27.
Nxe5 Ra6 28.Rc2 Ke6 29.f4 g5 30.Nd3 Kf5 31.Kf2 Ne6 32.Ke3 gxf4+ 33.Nxf4 
Nxf4 34.gxf4 Kf6 35.Ke4 Re6+ 36.Kf3 Ra6 37.Kg3 Kg6 38.Rf2 Kf5 39.Re2 b4 
40.Re5+ Kf6 41.Re2 Kf5 42.h3 h4+ 43.Kf3 Ra5 44.Re5+ Rxe5 45.fxe5 Kxe5 46.
Kg4 a5 47.Kxh4 Kf4 48.Kh5 Kf5 49.h4 Ke4 50.Kg4 Kd3 51.h5 Kc3 52.h6 Kb2 53.
h7 Kxa2 54.h8=Q Kxb3 55.Qa1 a4 56.Kf3 a3 57.Ke3 a2 58.Kd3 Ka3 59.Kc4 b3 
60.Qc1+ Ka4 1-0

[Event "30. Augsburger Friedensfest-Open"]
[Site "Augsburg"]
[Date "2025.08.07"]
[Round "2.38"]
[White "Kelembet, Artem"]
[Black "Mohm, Marvin"]
[Result "1/2-1/2"]
[WhiteElo "1897"]
[BlackElo "1739"]
[EventDate "2025.08.07"]
[Time "15:30:00"]
[WhiteNrv "1897"]
[BlackNrv "1739"]
[WhiteTwz "1897"]
[BlackTwz "1739"]
[WhiteFideId "34684727"]
[BlackFideId "34659943"]
[WhiteNatFedId "10828569"]
[BlackNatFedId "10404202"]
[WhiteAttr "M"]
[BlackAttr "M"]
[WhiteTeam "SV Jedesheim 1921"]
[BlackTeam "SK Koenigsbrunn"]

1.d4 d5 2.Nf3 Nf6 3.c4 c6 4.e3 e6 5.Nbd2 Bd6 6.Bd3 Nbd7 7.O-O O-O 8.e4 
dxe4 9.Nxe4 Nxe4 10.Bxe4 Nf6 11.Bc2 c5 12.Bg5 h6 13.Bh4 cxd4 14.Qxd4 Be7 
15.Rfd1 Qxd4 16.Rxd4 b6 17.Ne5 Bb7 18.Nd7 Rfd8 19.Nxf6+ gxf6 20.Rad1 Rxd4 
21.Rxd4 Rd8 22.Rxd8+ Bxd8 23.f3 Kg7 24.Kf2 Bc7 25.Bg3 Bxg3+ 26.Kxg3 f5 27.
Kf4 Kf6 28.b4 e5+ 29.Ke3 Ke6 30.a3 f4+ 31.Kd2 f5 32.Kc3 e4 33.Bd1 Ke5 34.
a4 h5 35.h4 e3 36.a5 Bc8 37.Be2 Bb7 1/2-1/2

[Event "30. Augsburger Friedensfest-Open"]
[Site "Augsburg"]
[Date "2025.08.07"]
[Round "2.39"]
[White "Chua, Daniel James"]
[Black "Schrauder, Ulrich"]
[Result "1/2-1/2"]
[WhiteElo "1862"]
[BlackElo "1876"]
[EventDate "2025.08.07"]
[Time "15:30:00"]
[WhiteNrv "1862"]
[BlackNrv "1876"]
[WhiteTwz "1862"]
[BlackTwz "1876"]
[WhiteFideId "34608354"]
[BlackFideId "16266749"]
[WhiteNatFedId "10758008"]
[BlackNatFedId "10198572"]
[WhiteAttr "M"]
[BlackAttr "M"]
[WhiteTeam "SC Garching 1980 e.V."]
[BlackTeam "TSV Mindelheim"]

1.d4 d5 2.c4 dxc4 3.e3 e5 4.Bxc4 exd4 5.exd4 Bd6 6.Nf3 Nf6 7.Qe2+ Qe7 8.
Qxe7+ Bxe7 9.Bf4 c6 10.Nc3 O-O 11.O-O-O Bf5 12.Rhe1 Bb4 13.a3 Bxc3 14.bxc3
Nbd7 15.h3 Nb6 16.Bb3 Nbd5 17.Bd2 h6 18.c4 Nb6 19.Re7 Be6 20.Bb4 Bxc4 21.
Bxc4 Nxc4 22.Ne5 Nxe5 23.dxe5 Nd5 24.Rxb7 Rfb8 25.Rxb8+ Rxb8 26.Rd4 
1/2-1/2

[Event "30. Augsburger Friedensfest-Open"]
[Site "Augsburg"]
[Date "2025.08.07"]
[Round "2.40"]
[White "Rempel, Alexander"]
[Black "Schaad, Simon Ulrich Maria"]
[Result "1/2-1/2"]
[WhiteElo "1874"]
[BlackElo "1787"]
[EventDate "2025.08.07"]
[Time "15:30:00"]
[WhiteNrv "1874"]
[BlackNrv "1787"]
[WhiteTwz "1874"]
[BlackTwz "1787"]
[WhiteFideId "34618600"]
[BlackFideId "24697036"]
[WhiteNatFedId "10586418"]
[BlackNatFedId "10253400"]
[WhiteAttr "M"]
[BlackAttr "M"]
[WhiteTeam "SF Augsburg"]
[BlackTeam "SK Keres-Augsburg 1980"]

1.e4 e5 2.Nf3 d5 3.Nxe5 Nf6 4.d4 Nxe4 5.Qf3 Be6 6.Be2 Nd7 7.Nd3 Qf6 8.c3 
Be7 9.O-O O-O 10.Nd2 Nxd2 11.Bxd2 Qxf3 12.Bxf3 Nf6 13.Nf4 Bd6 14.Nxe6 fxe6
15.Rfe1 Kf7 16.Re2 Rfe8 17.g3 c6 18.Bg2 Re7 19.Rae1 Rae8 20.f4 g6 21.h3 h5
22.Bf3 Rh8 23.b3 Ree8 24.Kf2 Bc7 25.Ke3 Bd6 26.Kd3 Nd7 27.c4 Nf6 28.Kc2 
Rhg8 29.g4 hxg4 30.hxg4 Rh8 31.cxd5 exd5 32.f5 gxf5 33.gxf5 Rxe2 34.Rxe2 
Rh3 35.Bg2 Rh5 36.Rf2 Rh2 37.Re2 Ne4 38.Be1 Rh5 39.Bxe4 dxe4 40.Rxe4 Rxf5 
41.Re3 Be7 42.Kd3 Rh5 43.a4 Rd5 44.Kc4 a6 45.Bb4 b5+ 46.axb5 axb5+ 47.Kc3 
Bf6 48.Rf3 Ke6 49.Rf4 c5 50.Rxf6+ Kxf6 51.Bxc5 Rd7 52.Kb4 Rb7 53.Ka5 Ke6 
54.Ka6 Rb8 55.Bb6 b4 56.Ka5 Kd5 57.Bc7 Ra8+ 58.Kxb4 Kxd4 59.Bb6+ Kd5 60.
Kb5 Ra1 1/2-1/2

[Event "30. Augsburger Friedensfest-Open"]
[Site "Augsburg"]
[Date "2025.08.07"]
[Round "2.42"]
[White "Stempfle, Tobias"]
[Black "Elsinga, Brian"]
[Result "0-1"]
[WhiteElo "1746"]
[BlackElo "1851"]
[EventDate "2025.08.07"]
[Time "15:30:00"]
[WhiteNrv "1746"]
[BlackNrv "1851"]
[WhiteTwz "1746"]
[BlackTwz "1851"]
[WhiteFideId "24698482"]
[BlackFideId "1089439"]
[WhiteNatFedId "10215172"]
[WhiteAttr "M"]
[BlackAttr "M"]
[WhiteTeam "SC Garching 1980 e.V."]
[BlackTeam "?"]

1.d4 Nf6 2.c4 e6 3.Nc3 Bb4 4.Bd2 c5 5.dxc5 Nc6 6.Nf3 O-O 7.g3 Bxc5 8.Bg2 
d5 9.cxd5 exd5 10.O-O d4 11.Na4 Be7 12.Rc1 Ne4 13.b3 f5 14.Qc2 Be6 15.Nb2 
Rc8 16.Qb1 Bf6 17.Nd3 Nc3 18.Bxc3 dxc3 19.Nf4 Qe7 20.Rfd1 Rfd8 21.Rxd8+ 
Rxd8 22.Rd1 Rxd1+ 23.Qxd1 Nb4 24.Ne1 Qd7 25.Qxd7 Bxd7 26.Nd5 c2 27.Nxf6+ 
gxf6 28.Nxc2 Nxc2 29.Bxb7 Nb4 30.a3 Nc2 31.Bd5+ Kf8 32.a4 a5 33.Kf1 Ke7 
34.e3 Be6 35.Bc4 Na1 36.Ke2 Nxb3 37.Kd3 Nc5+ 38.Kd4 Nxa4 39.Bb5 Bd7 40.Bd3
Kd6 41.Be2 Nc5 42.f3 a4 43.Kc3 Be6 44.Kb2 Bb3 45.h3 Ne6 46.g4 fxg4 47.hxg4
Kc5 48.Bd3 h6 49.Bf5 Nc7 50.Bd3 Kb4 51.f4 a3+ 52.Ka1 Nd5 53.g5 hxg5 54.
fxg5 fxg5 55.e4 Ne3 56.e5 Nc2+ 57.Bxc2 Bxc2 58.e6 Bg6 59.e7 g4 0-1

[Event "30. Augsburger Friedensfest-Open"]
[Site "Augsburg"]
[Date "2025.08.07"]
[Round "2.43"]
[White "Hornung, Hans Dr."]
[Black "Pieczka, Kevin"]
[Result "1/2-1/2"]
[WhiteElo "1909"]
[BlackElo "1725"]
[EventDate "2025.08.07"]
[Time "15:30:00"]
[WhiteNrv "1909"]
[BlackNrv "1725"]
[WhiteTwz "1909"]
[BlackTwz "1725"]
[WhiteFideId "4615140"]
[BlackFideId "12968072"]
[WhiteNatFedId "10089462"]
[BlackNatFedId "10272131"]
[WhiteAttr "M"]
[BlackAttr "M"]
[WhiteTeam "SK Klosterlechfeld"]
[BlackTeam "SV Jedesheim 1921"]

1.Nf3 c5 2.c4 Nc6 3.Nc3 g6 4.e3 Nf6 5.d4 cxd4 6.exd4 d5 7.cxd5 Nxd5 8.Qb3 
Nxc3 9.Bc4 Nd5 10.Bxd5 e6 11.Bxc6+ bxc6 12.O-O Qd5 13.Be3 f6 14.Rfc1 Bd6 
15.Nd2 h5 16.Qc2 Kf7 17.Qxc6 Bb7 18.Qxd5 Bxd5 19.f3 Rhc8 20.Ne4 Ke7 21.Nc3
Bb7 22.Nb5 a6 23.Nxd6 Kxd6 24.Rc5 Bd5 25.b3 Rc6 1/2-1/2

[Event "30. Augsburger Friedensfest-Open"]
[Site "Augsburg"]
[Date "2025.08.07"]
[Round "2.44"]
[White "Schaefer, Ann-Kathrin"]
[Black "Frenkel, Matthias"]
[Result "0-1"]
[WhiteElo "1791"]
[BlackElo "1925"]
[EventDate "2025.08.07"]
[Time "15:30:00"]
[WhiteNrv "1791"]
[BlackNrv "1925"]
[WhiteTwz "1791"]
[BlackTwz "1925"]
[WhiteFideId "24615412"]
[BlackFideId "34619267"]
[WhiteNatFedId "10186026"]
[BlackNatFedId "10437364"]
[WhiteAttr "W"]
[BlackAttr "M"]
[WhiteTeam "SC JAeKLECHEMIE Talente Franken e"]
[BlackTeam "SK Kriegshaber"]

1.d4 d5 2.Nf3 c5 3.e3 cxd4 4.exd4 Nc6 5.Bd3 Bg4 6.c3 e6 7.Nbd2 Bd6 8.O-O 
Nf6 9.Qe1 Qc7 10.h3 Bh5 11.b4 O-O 12.a4 Rfc8 13.Bb2 Nd7 14.Rc1 Re8 15.c4 
Bxb4 16.cxd5 exd5 17.Qd1 Nf6 18.Qc2 Qf4 19.g3 Qh6 20.Bc3 Bxf3 21.Nxf3 Qxh3
22.Ng5 Qh6 23.f4 Bxc3 24.Qxc3 Ne4 25.Qb2 Nxg5 26.fxg5 Qxg5 27.Qh2 Qe3+ 0-1

[Event "30. Augsburger Friedensfest-Open"]
[Site "Augsburg"]
[Date "2025.08.07"]
[Round "2.45"]
[White "Fridlin, Daniel"]
[Black "Hofbauer, Bernhard"]
[Result "0-1"]
[WhiteElo "1770"]
[BlackElo "1913"]
[EventDate "2025.08.07"]
[Time "15:30:00"]
[WhiteNrv "1770"]
[BlackNrv "1913"]
[WhiteTwz "1770"]
[BlackTwz "1913"]
[WhiteFideId "34602763"]
[BlackFideId "34666303"]
[WhiteNatFedId "10723898"]
[BlackNatFedId "10086413"]
[WhiteAttr "M"]
[BlackAttr "M"]
[WhiteTeam "SC Noris-Tarrasch Nuernberg 1873"]
[BlackTeam "SK Tarrasch 1945 Muenchen"]

1.e4 e6 2.d4 d5 3.Nd2 Nf6 4.e5 Nfd7 5.Bd3 c5 6.c3 Nc6 7.Ne2 cxd4 8.cxd4 f6
9.exf6 Nxf6 10.Nf3 Bd6 11.O-O O-O 12.Ng3 Qc7 13.Bd2 e5 14.dxe5 Nxe5 15.
Nxe5 Bxe5 16.Rc1 Qb6 17.b3 Bd7 18.Nh5 Ng4 19.Be1 Bxh2+ 20.Kh1 Qh6 21.g3 
Qxh5 22.Kg2 Ne3+ 23.fxe3 Qh3+ 24.Kh1 Bxg3+ 25.Kg1 Qh2# 0-1

[Event "30. Augsburger Friedensfest-Open"]
[Site "Augsburg"]
[Date "2025.08.07"]
[Round "2.46"]
[White "Simon, Jonathan"]
[Black "Laag, Pascal Benedikt"]
[Result "1/2-1/2"]
[WhiteElo "1907"]
[BlackElo "1760"]
[EventDate "2025.08.07"]
[Time "15:30:00"]
[WhiteNrv "1907"]
[BlackNrv "1760"]
[WhiteTwz "1907"]
[BlackTwz "1760"]
[WhiteFideId "1271653"]
[BlackFideId "16256069"]
[WhiteNatFedId "10208573"]
[BlackNatFedId "10591865"]
[WhiteAttr "M"]
[BlackAttr "*"]
[WhiteTeam "SK 1928 Moembris"]
[BlackTeam "SK Zweibruecken"]

1.d4 Nf6 2.Nc3 d5 3.Bf4 c6 4.e3 Bf5 5.Nf3 h6 6.Bd3 Bxd3 7.Qxd3 e6 8.O-O 
Be7 9.Rfe1 O-O 10.h3 Nbd7 11.e4 dxe4 12.Nxe4 Qb6 13.Nxf6+ Nxf6 14.Qb3 Rac8
15.Qxb6 axb6 16.c3 b5 17.a3 Rfd8 18.Ne5 b6 19.Rad1 Nd7 20.Nf3 Nf8 21.Ne5 
Nd7 22.Nf3 Nf8 1/2-1/2

[Event "30. Augsburger Friedensfest-Open"]
[Site "Augsburg"]
[Date "2025.08.07"]
[Round "2.47"]
[White "Turba, Raffael"]
[Black "Sensoy, Emir"]
[Result "0-1"]
[WhiteElo "1752"]
[BlackElo "1903"]
[EventDate "2025.08.07"]
[Time "15:30:00"]
[WhiteNrv "1752"]
[BlackNrv "1903"]
[WhiteTwz "1752"]
[BlackTwz "1903"]
[WhiteFideId "34612980"]
[BlackFideId "34607390"]
[WhiteNatFedId "10740124"]
[BlackNatFedId "10730374"]
[WhiteAttr "*"]
[BlackAttr "M"]
[WhiteTeam "SK 1926 Noerdlingen-Ries"]
[BlackTeam "MSA Zugzwang 82 e.V."]

1.e4 c5 2.f4 Nc6 3.Nf3 g6 4.Bb5 Bg7 5.Bxc6 bxc6 6.d3 Nf6 7.O-O O-O 8.Qe2 
Ne8 9.Nc3 Nc7 10.Be3 Ne6 11.Qf2 d5 12.exd5 cxd5 13.d4 c4 14.Ne2 Nc7 15.h3 
Nb5 16.c3 Nd6 17.Nd2 a5 18.Kh2 Bf5 19.Rg1 a4 20.g4 Bd3 21.Ng3 Rb8 22.Nf3 
a3 23.bxa3 Qa5 24.Bd2 Qxa3 25.Ne5 Rb2 26.Nxd3 cxd3 27.Rg2 Nc4 28.Nf1 Rfb8 
29.Qf3 Nxd2 30.Rxd2 Rxd2+ 31.Nxd2 Qxc3 32.Rd1 Rb2 0-1

[Event "30. Augsburger Friedensfest-Open"]
[Site "Augsburg"]
[Date "2025.08.07"]
[Round "2.48"]
[White "Holuba, Stefan"]
[Black "Kaufmann, Ben"]
[Result "0-1"]
[WhiteElo "1736"]
[BlackElo "1859"]
[EventDate "2025.08.07"]
[Time "15:30:00"]
[WhiteNrv "1736"]
[BlackNrv "1859"]
[WhiteTwz "1736"]
[BlackTwz "1859"]
[WhiteFideId "34667520"]
[BlackFideId "34687068"]
[WhiteNatFedId "10088445"]
[BlackNatFedId "10489709"]
[WhiteAttr "M"]
[BlackAttr "M"]
[WhiteTeam "SK Caissa Augsburg"]
[BlackTeam "SK Sontheim/Brenz e.V."]

1.e4 e6 2.d4 d5 3.Nc3 Bb4 4.a3 Bxc3+ 5.bxc3 dxe4 6.Qg4 Nf6 7.Qxg7 Rg8 8.
Qh6 Rg6 9.Qd2 b6 10.Ne2 Bb7 11.Nf4 Rg8 12.Ne2 Nbd7 13.c4 Qe7 14.a4 O-O-O 
15.Ba3 Qe8 16.a5 e5 17.d5 Nh5 18.Ng3 Ndf6 19.Nxh5 Nxh5 20.g3 f5 21.axb6 
axb6 22.Be2 f4 23.Bxh5 Qxh5 24.gxf4 Qf3 25.Rf1 exf4 26.Bb2 Rde8 27.Qe2 
Qxe2+ 28.Kxe2 e3 29.Rg1 Rxg1 30.Rxg1 Ba6 31.Kd3 e2 32.Re1 f3 33.Kd4 Kd7 
34.Bc3 Bc8 35.Rg1 Kd8 36.Ra1 c5+ 37.Kd3 Bf5+ 38.Kd2 Re4 39.Bf6+ Ke8 40.d6 
Rxc4 41.c3 Re4 42.Rg1 Re6 43.Be7 Re5 44.Ra1 Rd5+ 45.Ke1 Bc2 0-1

[Event "30. Augsburger Friedensfest-Open"]
[Site "Augsburg"]
[Date "2025.08.07"]
[Round "2.49"]
[White "Boehm, Bruno"]
[Black "Oezkurt, Kaan"]
[Result "1/2-1/2"]
[WhiteElo "1848"]
[BlackElo "1751"]
[EventDate "2025.08.07"]
[Time "15:30:00"]
[WhiteNrv "1848"]
[BlackNrv "1751"]
[WhiteTwz "1848"]
[BlackTwz "1751"]
[WhiteFideId "4699238"]
[BlackFideId "34655182"]
[WhiteNatFedId "10019158"]
[BlackNatFedId "10722110"]
[WhiteAttr "M"]
[BlackAttr "M"]
[WhiteTeam "SK Freising"]
[BlackTeam "SK Freising"]

1.d4 d5 2.c4 c6 3.Nc3 Nf6 4.cxd5 cxd5 5.Bf4 Nc6 6.e3 a6 7.Rc1 Bg4 8.f3 Bh5
9.Bd3 e6 10.Nge2 Bd6 11.O-O Bg6 12.Bxg6 hxg6 13.Qb3 Bxf4 14.Nxf4 Qc7 15.g3
g5 16.Nd3 O-O-O 17.Ne2 Rh6 18.Ne5 Rdh8 19.Rf2 Nh5 20.Qa4 Nxg3 21.Nxg3 f6 
22.Ng4 Rh3 23.Rg2 Kb8 24.Qa3 Ka8 25.b4 Qd6 26.Qb2 f5 27.Ne5 Nxe5 28.dxe5 
Qe7 29.Qd4 R3h4 30.f4 gxf4 31.Rgc2 Qd7 32.exf4 g5 33.Rc7 Qd8 34.Qb6 Qb8 
35.Qxe6 gxf4 36.Nxf5 Rxh2 37.Qxd5 Rh1+ 38.Kf2 R8h2+ 39.Kf3 Rxc1 40.Rxc1 
Qh8 41.Kxf4 Rf2+ 42.Kg4 Qf8 43.Qe6 Qxb4+ 44.Rc4 Qe1 45.Qc8+ Ka7 46.Qc5+ 
Ka8 47.Qf8+ Ka7 48.Qc5+ Ka8 49.Qe3 Rg2+ 50.Kh5 Qd1+ 51.Kh6 Qd8 52.Kh5 Qg8 
53.Qf4 Qh7+ 54.Nh6 Qg6+ 55.Kh4 Qe8 56.Re4 Qh8 57.e6 Rg1 58.Re3 Qe8 59.Re5 
Qe7+ 60.Kh3 Qg7 61.Re2 Qg6 62.Qf8+ Ka7 63.Qc5+ Ka8 64.Qf8+ Ka7 65.Qc5+ Ka8
1/2-1/2